| 000 | 00537nam a2200205Ia 4500 | ||
|---|---|---|---|
| 005 | 20250326145406.0 | ||
| 008 | 250326s9999 xx 000 0 und d | ||
| 037 | _aTextbook | ||
| 040 |
_aFMSL _beng _cFMSL |
||
| 041 |
_aeng _2eng |
||
| 084 |
_aX:87 Q5 _qFMSL |
||
| 100 |
_aHawkins P _9751078 |
||
| 245 | 0 |
_aLeadership Team Coaching _cHawkins P |
|
| 250 | _a2nd | ||
| 260 |
_aLondon _bLondon, Kogan _c2014 |
||
| 365 | _b3070.6799999999998 | ||
| 650 | _aManagement | ||
| 942 |
_cTB _hX:87 Q5 |
||
| 999 |
_c1307426 _d1307426 |
||